<?xml version="1.0" encoding="UTF-8"?>
<record
    xmlns:xsi="http://www.w3.org/2001/XMLSchema-instance"
    xsi:schemaLocation="http://www.loc.gov/MARC21/slim http://www.loc.gov/standards/marcxml/schema/MARC21slim.xsd"
    xmlns="http://www.loc.gov/MARC21/slim">

  <leader>00920nam a2200229 a 4500</leader>
  <controlfield tag="001">84788</controlfield>
  <controlfield tag="003">BD-RjUL</controlfield>
  <controlfield tag="005">20250408160151.0</controlfield>
  <controlfield tag="008">250408b        bg ||||| |||| 00| 0 ben d</controlfield>
  <datafield tag="035" ind1=" " ind2=" ">
    <subfield code="a">(BD-RjUL)84788</subfield>
  </datafield>
  <datafield tag="040" ind1=" " ind2=" ">
    <subfield code="a">BD-RjUL</subfield>
    <subfield code="b">eng</subfield>
    <subfield code="c">BD-RjUL</subfield>
  </datafield>
  <datafield tag="041" ind1=" " ind2=" ">
    <subfield code="a">eng</subfield>
  </datafield>
  <datafield tag="082" ind1=" " ind2=" ">
    <subfield code="2">23</subfield>
    <subfield code="a">812</subfield>
    <subfield code="b">WEH 1971</subfield>
  </datafield>
  <datafield tag="100" ind1=" " ind2=" ">
    <subfield code="a">&#x989;&#x987;&#x9B2;&#x9BF;&#x9AF;&#x9BC;&#x9AE;&#x9B8;, &#x99F;&#x9C7;&#x9A8;&#x9C7;&#x9B8;&#x9C0; </subfield>
    <subfield code="9">15203</subfield>
  </datafield>
  <datafield tag="245" ind1=" " ind2=" ">
    <subfield code="a">&#x99F;&#x9C7;&#x9A8;&#x9C7;&#x9B8;&#x9C0; &#x989;&#x987;&#x9B2;&#x9BF;&#x9AF;&#x9BC;&#x9AE;&#x9B8; &#x98F;&#x9B0; &#x9B9;&#x9C3;&#x9A6;&#x9AF;&#x9BC;&#x9C7;&#x9B0; &#x98B;&#x9A4;&#x9C1; / </subfield>
    <subfield code="c">&#x99F;&#x9C7;&#x9A8;&#x9C7;&#x9B8;&#x9C0; &#x989;&#x987;&#x9B2;&#x9BF;&#x9AF;&#x9BC;&#x9AE;&#x9B8;; &#x985;&#x9A8;&#x9C1;&#x9AC;&#x9BE;&#x9A6; &#x9B6;&#x9BE;&#x9AE;&#x9B8;&#x9C1;&#x9B0; &#x9B0;&#x9BE;&#x9B9;&#x9AE;&#x9BE;&#x9A8;</subfield>
  </datafield>
  <datafield tag="260" ind1=" " ind2=" ">
    <subfield code="a">&#x99A;&#x99F;&#x9CD;&#x99F;&#x997;&#x9CD;&#x9B0;&#x9BE;&#x9AE; :</subfield>
    <subfield code="b">&#x9AA;&#x9BF;&#x9AA;&#x9B2;&#x9B8; &#x9AA;&#x9BE;&#x9AC;&#x9CD;&#x9B2;&#x9BF;&#x995;&#x9C7;&#x9B6;&#x9A8;&#x9CD;&#x9B8;,</subfield>
    <subfield code="c">[&#x9E7;&#x9EF;&#x9ED;&#x9E7;?]</subfield>
  </datafield>
  <datafield tag="300" ind1=" " ind2=" ">
    <subfield code="a">&#x9E7;&#x9EA;&#x9EE; &#x9AA;&#x9C3;.;</subfield>
    <subfield code="c">&#x9E7;&#x9EF; &#x9B8;&#x9C7;&#x9AE;&#x9BF;.</subfield>
  </datafield>
  <datafield tag="650" ind1=" " ind2=" ">
    <subfield code="a">&#x986;&#x9AE;&#x9C7;&#x9B0;&#x9BF;&#x995;&#x9BE;&#x9A8; &#x9A8;&#x9BE;&#x99F;&#x995;</subfield>
    <subfield code="9">15204</subfield>
  </datafield>
  <datafield tag="650" ind1=" " ind2=" ">
    <subfield code="a">American drama</subfield>
  </datafield>
  <datafield tag="700" ind1=" " ind2=" ">
    <subfield code="a">&#x9B0;&#x9BE;&#x9B9;&#x9AE;&#x9BE;&#x9A8;,  &#x9B6;&#x9BE;&#x9AE;&#x9B8;&#x9C1;&#x9B0; </subfield>
  </datafield>
  <datafield tag="942" ind1=" " ind2=" ">
    <subfield code="2">ddc</subfield>
    <subfield code="c">BK</subfield>
  </datafield>
  <datafield tag="999" ind1=" " ind2=" ">
    <subfield code="c">84788</subfield>
    <subfield code="d">84788</subfield>
  </datafield>
  <datafield tag="952" ind1=" " ind2=" ">
    <subfield code="0">0</subfield>
    <subfield code="1">0</subfield>
    <subfield code="2">ddc</subfield>
    <subfield code="4">0</subfield>
    <subfield code="7">1</subfield>
    <subfield code="8">FIC</subfield>
    <subfield code="a">RUCL</subfield>
    <subfield code="b">RUCL</subfield>
    <subfield code="c">Reading</subfield>
    <subfield code="d">1971-12-06</subfield>
    <subfield code="e">U.S.A</subfield>
    <subfield code="l">0</subfield>
    <subfield code="o">B 812 WEH 1971</subfield>
    <subfield code="r">2025-04-08 00:00:00</subfield>
    <subfield code="t">C-1</subfield>
    <subfield code="w">2025-04-08</subfield>
    <subfield code="y">BK</subfield>
  </datafield>
</record>
